00756nam a2200229 a 450000100060000000300090000600800410001502000180005604000280007408200190010210000330012124500450015425000100019926000310020930000100024065000310025065000290028165000460031094200120035699900170036895201410038523537CO-ViMGA141112s2004 ck r 000 u spa d a9789586485821 aCO-ViMGAbspacCO-ViMGA04a362.1068 M344a1 aMejia Garcia, Braulio93393110aAuditoria Medica / cBraulioMejia Garcia a5 ed. aColombia : bEco ediciones a200p.14aAUDITORIA EN SALUD 93393214aAUDITORIA MEDICA 93393314aCALIDAD DE LOS SERVICIOS DE SALUD933934 2ddccBK c31657d31657 00102ddc40708002aMEVIECARbMEVIECARd2015-12-04h25/abr/2011l0o362.1068 M344a p24405r2015-12-04 00:00:00tEj. 1w2015-12-04yBK